00337nam a2200109Ia 4500008004100000082000800041100001600049245004600065942000600111952009500117999001500212240331s9999 xx 000 0 und d bMUR aMurugadas,A 0aSangak kavihaiyakkam :bmaravum matramum cL 001040708LaWERCLbWERCLcSSCd2024-03-31l0o 809 MURp5716r2024-03-31w2024-03-31yL c1437d1437